|
|
|
|
| LEADER |
00000nam a2200000 a 4500 |
| 001 |
vtls010060868 |
| 003 |
SK-MaSNL |
| 005 |
20260301212705.0 |
| 008 |
240314s2009 xo oa d p 000 0 slo |
| 015 |
|
|
|a SNBA2010/02-01184
|
| 020 |
|
|
|a 9788022820653
|q (brož.)
|
| 035 |
|
|
|a D3A9303A-B917-4E13-8253-B8FDFADE8B76
|
| 035 |
|
|
|a urn:nbn:sk:snk-amk19j
|
| 035 |
|
|
|a urn:nbn:sk:snk-am0087bn
|
| 040 |
|
|
|a SNK
|b slo
|c SNK
|e AACR2
|
| 041 |
0 |
|
|a slo
|
| 044 |
|
|
|a xo
|c SK
|
| 072 |
|
7 |
|a 630
|x Lesníctvo
|2 konspekt
|
| 072 |
|
7 |
|a 531
|x Všeobecná mechanika. Mechanika pevných a tuhých telies
|2 konspekt
|
| 080 |
|
|
|a 630.3
|2 2001
|
| 080 |
|
|
|a 531/534
|2 2001
|
| 080 |
|
|
|a 630.36
|2 2001
|
| 080 |
|
|
|a (075.8)
|2 2001
|
| 100 |
1 |
|
|a Štollmann, Vladimír,
|d 1956-
|4 aut
|9 193412
|
| 245 |
1 |
0 |
|a Lesnícke mechanizačné prostriedky
|c Vladimír Štollmann, Jozef Slugeň
|
| 250 |
|
|
|a 2. preprac. vyd.
|
| 260 |
|
|
|a Zvolen
|b Technická univerzita
|c 2009
|
| 300 |
|
|
|a 198, [20] s. text a sch. príl.
|b sch., fotogr.
|c 29 cm
|
| 366 |
|
|
|e 200 výt.
|
| 504 |
|
|
|a Bibliogr. odkazy
|
| 650 |
0 |
7 |
|a lesnícka technika
|2 SNKPH
|9 29188
|
| 650 |
0 |
7 |
|a mechanika
|2 SNKPH
|9 706
|
| 650 |
0 |
7 |
|a lesnícke stroje
|2 SNKPH
|9 29189
|
| 655 |
|
7 |
|a učebnice vysokých škôl
|2 SNKPH
|9 70191
|
| 700 |
1 |
|
|a Slugeň, Jozef
|4 aut
|9 487863
|
| 919 |
|
|
|a 978-80-228-2065-3
|
| 958 |
|
|
|a OND
|
| 958 |
|
|
|a NB
|
| 968 |
|
|
|d 63
|
| 999 |
|
|
|c 918897
|d 920827
|
| 952 |
|
|
|a SNK
|b SNK
|y PREZ
|7 0
|p 17A0643767
|o snkSB 78951
|i snk2010/2087
|8 0
|0 0
|1 0
|4 0
|d 2010-02-04
|f 1
|l 0
|r 2025-04-30 00:00:00
|w 2026-02-24
|
| 952 |
|
|
|a SNK
|b SNK
|y VYP
|7 0
|p 17A0643768
|o snkSB 78951 D1
|i snk2010/2088
|8 0
|0 0
|1 0
|4 0
|d 2010-02-04
|l 0
|r 2016-06-30 00:00:00
|w 2026-02-24
|